<?xml version="1.0" encoding="UTF-8"?>
<record
    xmlns:xsi="http://www.w3.org/2001/XMLSchema-instance"
    xsi:schemaLocation="http://www.loc.gov/MARC21/slim http://www.loc.gov/standards/marcxml/schema/MARC21slim.xsd"
    xmlns="http://www.loc.gov/MARC21/slim">

  <leader>03109nam a22003857a 4500</leader>
  <controlfield tag="005">20120125155635.0</controlfield>
  <datafield tag="010" ind1=" " ind2=" ">
    <subfield code="a">B-480649-662</subfield>
  </datafield>
  <datafield tag="020" ind1=" " ind2=" ">
    <subfield code="a">9788124305737</subfield>
    <subfield code="c">55.00</subfield>
  </datafield>
  <datafield tag="035" ind1=" " ind2=" ">
    <subfield code="a">B-480649-662</subfield>
  </datafield>
  <datafield tag="037" ind1=" " ind2=" ">
    <subfield code="a">dpl</subfield>
    <subfield code="b">Blue Berry/Ven</subfield>
  </datafield>
  <datafield tag="082" ind1=" " ind2=" ">
    <subfield code="a">S</subfield>
  </datafield>
  <datafield tag="100" ind1=" " ind2=" ">
    <subfield code="a">Manjunath, Mona</subfield>
    <subfield code="9">52922</subfield>
  </datafield>
  <datafield tag="245" ind1=" " ind2=" ">
    <subfield code="a">Hippo :</subfield>
    <subfield code="c">by Mona Manjunath; edited by Asmita Bhatt; illustrated by Satpalsingh Chhabda</subfield>
    <subfield code="b">Adventures of alively child /</subfield>
  </datafield>
  <datafield tag="260" ind1=" " ind2=" ">
    <subfield code="a"> New Delhi</subfield>
    <subfield code="b">Navneet Publications</subfield>
  </datafield>
  <datafield tag="270" ind1=" " ind2=" ">
    <subfield code="a">2-E/23, Orion Plaza, 2nd Floor Jhandewalan Extn.,</subfield>
    <subfield code="b">New Delhi</subfield>
    <subfield code="e">110055</subfield>
  </datafield>
  <datafield tag="300" ind1=" " ind2=" ">
    <subfield code="a">47p.</subfield>
    <subfield code="b">col.ill</subfield>
    <subfield code="c">27cm(pbk)</subfield>
  </datafield>
  <datafield tag="490" ind1=" " ind2=" ">
    <subfield code="a">Interesting original stories for children</subfield>
    <subfield code="9">52923</subfield>
  </datafield>
  <datafield tag="700" ind1=" " ind2=" ">
    <subfield code="9">40167</subfield>
  </datafield>
  <datafield tag="942" ind1=" " ind2=" ">
    <subfield code="2">ddc</subfield>
    <subfield code="c">CH</subfield>
    <subfield code="h">S</subfield>
    <subfield code="m">MAN</subfield>
  </datafield>
  <datafield tag="999" ind1=" " ind2=" ">
    <subfield code="c">61510</subfield>
    <subfield code="d">61510</subfield>
  </datafield>
  <datafield tag="952" ind1=" " ind2=" ">
    <subfield code="0">0</subfield>
    <subfield code="1">0</subfield>
    <subfield code="4">0</subfield>
    <subfield code="7">0</subfield>
    <subfield code="8">FIC</subfield>
    <subfield code="a">L</subfield>
    <subfield code="b">L</subfield>
    <subfield code="d">2012-10-05</subfield>
    <subfield code="e">Blue Berry/IN8485/14.04.2012/43/20.03.2012/19.06.2012</subfield>
    <subfield code="g">55.00</subfield>
    <subfield code="l">0</subfield>
    <subfield code="o">S MAN</subfield>
    <subfield code="p">B-480649</subfield>
    <subfield code="r">2012-10-05 00:00:00</subfield>
    <subfield code="t">1</subfield>
    <subfield code="v">55.00</subfield>
    <subfield code="w">2012-10-05</subfield>
    <subfield code="y">CH</subfield>
  </datafield>
  <datafield tag="952" ind1=" " ind2=" ">
    <subfield code="0">0</subfield>
    <subfield code="1">0</subfield>
    <subfield code="4">0</subfield>
    <subfield code="7">0</subfield>
    <subfield code="8">FIC</subfield>
    <subfield code="a">BL1</subfield>
    <subfield code="b">BL1</subfield>
    <subfield code="d">2012-10-05</subfield>
    <subfield code="e">Blue Berry/IN8485/14.04.2012/43/20.03.2012/19.06.2012</subfield>
    <subfield code="g">55.00</subfield>
    <subfield code="l">3</subfield>
    <subfield code="m">2</subfield>
    <subfield code="o">S MAN</subfield>
    <subfield code="p">B-480650</subfield>
    <subfield code="r">2026-02-19 00:00:00</subfield>
    <subfield code="s">2026-02-03</subfield>
    <subfield code="t">1</subfield>
    <subfield code="v">55.00</subfield>
    <subfield code="w">2012-10-05</subfield>
    <subfield code="y">CH</subfield>
  </datafield>
  <datafield tag="952" ind1=" " ind2=" ">
    <subfield code="0">0</subfield>
    <subfield code="1">0</subfield>
    <subfield code="4">0</subfield>
    <subfield code="7">0</subfield>
    <subfield code="8">FIC</subfield>
    <subfield code="a">KGM</subfield>
    <subfield code="b">KGM</subfield>
    <subfield code="d">2012-10-05</subfield>
    <subfield code="e">Blue Berry/IN8485/14.04.2012/43/20.03.2012/19.06.2012</subfield>
    <subfield code="g">55.00</subfield>
    <subfield code="l">0</subfield>
    <subfield code="o">S MAN</subfield>
    <subfield code="p">B-480651</subfield>
    <subfield code="r">2012-10-05 00:00:00</subfield>
    <subfield code="t">1</subfield>
    <subfield code="v">55.00</subfield>
    <subfield code="w">2012-10-05</subfield>
    <subfield code="y">CH</subfield>
  </datafield>
  <datafield tag="952" ind1=" " ind2=" ">
    <subfield code="0">0</subfield>
    <subfield code="1">0</subfield>
    <subfield code="4">0</subfield>
    <subfield code="7">0</subfield>
    <subfield code="8">FIC</subfield>
    <subfield code="a">PR</subfield>
    <subfield code="b">PR</subfield>
    <subfield code="d">2012-10-05</subfield>
    <subfield code="e">Blue Berry/IN8485/14.04.2012/43/20.03.2012/19.06.2012</subfield>
    <subfield code="g">55.00</subfield>
    <subfield code="l">1</subfield>
    <subfield code="o">S MAN</subfield>
    <subfield code="p">B-480652</subfield>
    <subfield code="r">2024-06-18 00:00:00</subfield>
    <subfield code="s">2024-06-03</subfield>
    <subfield code="t">1</subfield>
    <subfield code="v">55.00</subfield>
    <subfield code="w">2012-10-05</subfield>
    <subfield code="y">CH</subfield>
  </datafield>
  <datafield tag="952" ind1=" " ind2=" ">
    <subfield code="0">0</subfield>
    <subfield code="1">0</subfield>
    <subfield code="4">0</subfield>
    <subfield code="7">0</subfield>
    <subfield code="8">FIC</subfield>
    <subfield code="a">TN</subfield>
    <subfield code="b">TN</subfield>
    <subfield code="d">2012-10-05</subfield>
    <subfield code="e">Blue Berry/IN8485/14.04.2012/43/20.03.2012/19.06.2012</subfield>
    <subfield code="g">55.00</subfield>
    <subfield code="l">1</subfield>
    <subfield code="o">S MAN</subfield>
    <subfield code="p">B-480653</subfield>
    <subfield code="r">2020-09-04 00:00:00</subfield>
    <subfield code="s">2020-09-02</subfield>
    <subfield code="t">1</subfield>
    <subfield code="v">55.00</subfield>
    <subfield code="w">2012-10-05</subfield>
    <subfield code="y">CH</subfield>
  </datafield>
  <datafield tag="952" ind1=" " ind2=" ">
    <subfield code="0">0</subfield>
    <subfield code="1">0</subfield>
    <subfield code="4">0</subfield>
    <subfield code="7">0</subfield>
    <subfield code="8">FIC</subfield>
    <subfield code="a">CJ</subfield>
    <subfield code="b">CJ</subfield>
    <subfield code="d">2012-10-05</subfield>
    <subfield code="e">Blue Berry/IN8485/14.04.2012/43/20.03.2012/19.06.2012</subfield>
    <subfield code="g">55.00</subfield>
    <subfield code="l">1</subfield>
    <subfield code="o">S MAN</subfield>
    <subfield code="p">B-480654</subfield>
    <subfield code="q">2026-04-18</subfield>
    <subfield code="r">2026-04-04 09:05:20</subfield>
    <subfield code="s">2026-04-04</subfield>
    <subfield code="t">1</subfield>
    <subfield code="v">55.00</subfield>
    <subfield code="w">2012-10-05</subfield>
    <subfield code="y">CH</subfield>
  </datafield>
  <datafield tag="952" ind1=" " ind2=" ">
    <subfield code="0">0</subfield>
    <subfield code="1">0</subfield>
    <subfield code="4">0</subfield>
    <subfield code="7">0</subfield>
    <subfield code="8">FIC</subfield>
    <subfield code="a">JP</subfield>
    <subfield code="b">JP</subfield>
    <subfield code="d">2012-10-05</subfield>
    <subfield code="e">Blue Berry/IN8485/14.04.2012/43/20.03.2012/19.06.2012</subfield>
    <subfield code="g">55.00</subfield>
    <subfield code="l">13</subfield>
    <subfield code="o">S MAN</subfield>
    <subfield code="p">B-480655</subfield>
    <subfield code="r">2015-07-03 00:00:00</subfield>
    <subfield code="s">2015-06-20</subfield>
    <subfield code="t">1</subfield>
    <subfield code="v">55.00</subfield>
    <subfield code="w">2012-10-05</subfield>
    <subfield code="y">CH</subfield>
  </datafield>
  <datafield tag="952" ind1=" " ind2=" ">
    <subfield code="0">0</subfield>
    <subfield code="1">0</subfield>
    <subfield code="4">0</subfield>
    <subfield code="7">0</subfield>
    <subfield code="8">FIC</subfield>
    <subfield code="a">ZLS</subfield>
    <subfield code="b">ZLS</subfield>
    <subfield code="d">2012-10-05</subfield>
    <subfield code="e">Blue Berry/IN8485/14.04.2012/43/20.03.2012/19.06.2012</subfield>
    <subfield code="g">55.00</subfield>
    <subfield code="l">0</subfield>
    <subfield code="o">S MAN</subfield>
    <subfield code="p">B-480656</subfield>
    <subfield code="r">2012-10-05 00:00:00</subfield>
    <subfield code="t">1</subfield>
    <subfield code="v">55.00</subfield>
    <subfield code="w">2012-10-05</subfield>
    <subfield code="y">CH</subfield>
  </datafield>
  <datafield tag="952" ind1=" " ind2=" ">
    <subfield code="0">0</subfield>
    <subfield code="1">5</subfield>
    <subfield code="4">0</subfield>
    <subfield code="7">0</subfield>
    <subfield code="8">FIC</subfield>
    <subfield code="a">VP</subfield>
    <subfield code="b">VP</subfield>
    <subfield code="d">2012-10-05</subfield>
    <subfield code="e">Blue Berry/IN8485/14.04.2012/43/20.03.2012/19.06.2012</subfield>
    <subfield code="g">55.00</subfield>
    <subfield code="l">1</subfield>
    <subfield code="m">1</subfield>
    <subfield code="o">S MAN</subfield>
    <subfield code="p">B-480657</subfield>
    <subfield code="r">2013-07-06 00:00:00</subfield>
    <subfield code="s">2013-05-18</subfield>
    <subfield code="t">1</subfield>
    <subfield code="v">55.00</subfield>
    <subfield code="y">CH</subfield>
  </datafield>
  <datafield tag="952" ind1=" " ind2=" ">
    <subfield code="0">0</subfield>
    <subfield code="1">0</subfield>
    <subfield code="4">0</subfield>
    <subfield code="7">0</subfield>
    <subfield code="8">FIC</subfield>
    <subfield code="a">BN</subfield>
    <subfield code="b">BN</subfield>
    <subfield code="d">2012-10-05</subfield>
    <subfield code="e">Blue Berry/IN8485/14.04.2012/43/20.03.2012/19.06.2012</subfield>
    <subfield code="g">55.00</subfield>
    <subfield code="l">1</subfield>
    <subfield code="o">S MAN</subfield>
    <subfield code="p">B-480658</subfield>
    <subfield code="r">2023-02-20 00:00:00</subfield>
    <subfield code="s">2023-02-15</subfield>
    <subfield code="t">1</subfield>
    <subfield code="v">55.00</subfield>
    <subfield code="y">CH</subfield>
  </datafield>
  <datafield tag="952" ind1=" " ind2=" ">
    <subfield code="0">0</subfield>
    <subfield code="1">0</subfield>
    <subfield code="4">0</subfield>
    <subfield code="7">0</subfield>
    <subfield code="8">FIC</subfield>
    <subfield code="a">NRR</subfield>
    <subfield code="b">NRR</subfield>
    <subfield code="d">2012-10-05</subfield>
    <subfield code="e">Blue Berry/IN8485/14.04.2012/43/20.03.2012/19.06.2012</subfield>
    <subfield code="g">55.00</subfield>
    <subfield code="l">0</subfield>
    <subfield code="o">S MAN</subfield>
    <subfield code="p">B-480659</subfield>
    <subfield code="r">2012-10-05 00:00:00</subfield>
    <subfield code="t">1</subfield>
    <subfield code="v">55.00</subfield>
    <subfield code="w">2012-10-05</subfield>
    <subfield code="y">CH</subfield>
  </datafield>
  <datafield tag="952" ind1=" " ind2=" ">
    <subfield code="0">0</subfield>
    <subfield code="1">0</subfield>
    <subfield code="4">0</subfield>
    <subfield code="7">0</subfield>
    <subfield code="8">FIC</subfield>
    <subfield code="a">BKK</subfield>
    <subfield code="b">BKK</subfield>
    <subfield code="d">2012-10-05</subfield>
    <subfield code="e">Blue Berry/IN8485/14.04.2012/43/20.03.2012/19.06.2012</subfield>
    <subfield code="g">55.00</subfield>
    <subfield code="l">0</subfield>
    <subfield code="o">S MAN</subfield>
    <subfield code="p">B-480660</subfield>
    <subfield code="r">2012-10-05 00:00:00</subfield>
    <subfield code="t">1</subfield>
    <subfield code="v">55.00</subfield>
    <subfield code="w">2012-10-05</subfield>
    <subfield code="y">CH</subfield>
  </datafield>
  <datafield tag="952" ind1=" " ind2=" ">
    <subfield code="0">0</subfield>
    <subfield code="1">0</subfield>
    <subfield code="4">0</subfield>
    <subfield code="7">0</subfield>
    <subfield code="8">FIC</subfield>
    <subfield code="a">NR</subfield>
    <subfield code="b">NR</subfield>
    <subfield code="d">2012-10-05</subfield>
    <subfield code="e">Blue Berry/IN8485/14.04.2012/43/20.03.2012/19.06.2012</subfield>
    <subfield code="g">55.00</subfield>
    <subfield code="l">0</subfield>
    <subfield code="o">S MAN</subfield>
    <subfield code="p">B-480661</subfield>
    <subfield code="r">2012-10-05 00:00:00</subfield>
    <subfield code="t">1</subfield>
    <subfield code="v">55.00</subfield>
    <subfield code="w">2012-10-05</subfield>
    <subfield code="y">CH</subfield>
  </datafield>
  <datafield tag="952" ind1=" " ind2=" ">
    <subfield code="0">0</subfield>
    <subfield code="1">5</subfield>
    <subfield code="4">0</subfield>
    <subfield code="7">0</subfield>
    <subfield code="8">FIC</subfield>
    <subfield code="a">BN</subfield>
    <subfield code="b">BN</subfield>
    <subfield code="d">2012-10-05</subfield>
    <subfield code="e">Blue Berry/IN8485/14.04.2012/43/20.03.2012/19.06.2012</subfield>
    <subfield code="g">55.00</subfield>
    <subfield code="l">0</subfield>
    <subfield code="o">S MAN</subfield>
    <subfield code="p">B-480662</subfield>
    <subfield code="r">2012-10-05 00:00:00</subfield>
    <subfield code="t">1</subfield>
    <subfield code="v">55.00</subfield>
    <subfield code="y">CH</subfield>
  </datafield>
</record>
